=LDR 00000nam 2200000 4500 =001 INLIS000000000048398 =005 20200529071802 =035 ##$$a 0010-101600000000156 =008 200529################g##########0#ind## =082 ##$$a 2x4.4 =090 ##$$a 2x4.4 Sha w =100 1#$$a Shaqr, Abdul Budi =245 1#$$a Wanita-Wanita pilihan /$c Abdul Badi Shaqr; penerjemah, Abdukadir Mahdamy,Kathur Suhardi =260 ##$$a Solo :$b Pustaka Mantiq,$c 1990 =300 ##$$a 160 hlm ; $c 13x20 cm =084 ##$$a 2x4.4 SHA w =250 ##$$a cet.1 =650 #4$$a Islam-wanita pilihan =990 ##$$a 00091673